[Event "Oberliga Nord W 1920"]
[Site "Germany"]
[Date "2020.02.09"]
[Round "6.6"]
[White "Herrmann, Andreas"]
[Black "Schuette, Marc"]
[Result "1/2-1/2"]
[WhiteElo "2117"]
[BlackElo "2109"]
[PlyCount "158"]
[EventDate "2019.09.29"]
[EventType "team-tourn"]
[EventRounds "9"]
[EventCountry "GER"]
[SourceTitle "CBM 195 Extra"]
[Source "ChessBase"]
[SourceDate "2020.05.31"]
[SourceVersion "1"]
[SourceVersionDate "2020.05.31"]
[SourceQuality "1"]

1. d4 d5 2. Nf3 Nf6 3. Bg5 c6 4. Nbd2 Nbd7 5. e3 h6 6. Bh4 e6 7. Bd3 Be7 8. 0-0 0-0 9. Qe2 c5 10. c3 b6 11. Ne5 Nxe5 12. dxe5 Nd7 13. Bxe7 Qxe7 14. f4 Bb7 15. Nf3 Rad8 16. Rad1 f6 17. exf6 Rxf6 18. Bb5 Nb8 19. Ne5 c4 20. Qd2 Rc8 21. Ba4 a6 22. Bc2 Nc6 23. Ng4 Rf7 24. e4 Qc5+ 25. Kh1 Rd8 26. exd5 exd5 27. Bb1 d4 28. cxd4 Nxd4 29. Qf2 Bc8 30. Ne5 Rf6 31. Qg3 Rdf8 32. Qe3 Rd8 33. b4 cxb3 34. axb3 Be6 35. Rc1 Qf8 36. Qd3 Bf5 37. Qc4+ Kh7 38. Bxf5+ Nxf5 39. Qe4 Rd4 40. Qb1 Kg8 41. Rc7 Ne3 42. Rg1 Qd8 43. Qc1 Nd1 44. Ng4 Rf8 45. h3 h5 46. Ne5 Nf2+ 47. Kh2 Ng4+ 48. Nxg4 hxg4 49. Qc6 Qf6 50. Qxf6 Rxf6 51. g3 Rh6 52. h4 Re6 53. Rc3 Re2+ 54. Rg2 Rdd2 55. Rxe2 Rxe2+ 56. Kg1 Rb2 57. Kf1 Kf7 58. Rc7+ Kf6 59. Rc3 Kf5 60. Re3 b5 61. h5 Kf6 62. Rc3 a5 63. Ke1 Ke6 64. Kd1 Kd5 65. Rc7 Rxb3 66. Rxg7 Rxg3 67. Rg5+ Kc4 68. f5 Kd3 69. Kc1 a4 70. f6 a3 71. Kb1 b4 72. h6 b3 73. Rd5+ Kc3 74. Rd1 Rg2 75. f7 Rb2+ 76. Ka1 Ra2+ 77. Kb1 Rb2+ 78. Ka1 Rf2 79. h7 Ra2+ 1/2-1/2

[Event "Oberliga Nord W 1920"]
[Site "Germany"]
[Date "2020.01.19"]
[Round "5.7"]
[White "Krueger, Robin Kevin"]
[Black "Schuette, Marc"]
[Result "1/2-1/2"]
[WhiteElo "2039"]
[BlackElo "2113"]
[PlyCount "127"]
[EventDate "2019.09.29"]
[EventType "team-tourn"]
[EventRounds "9"]
[EventCountry "GER"]
[SourceTitle "CBM 195 Extra"]
[Source "ChessBase"]
[SourceDate "2020.05.31"]
[SourceVersion "1"]
[SourceVersionDate "2020.05.31"]
[SourceQuality "1"]

1. e4 e6 2. d4 d5 3. Nd2 dxe4 4. Nxe4 Nd7 5. Nf3 Ngf6 6. Bd3 Nxe4 7. Bxe4 Nf6 8. Bg5 Be7 9. Bxf6 Bxf6 10. Qd3 Qd6 11. 0-0-0 c6 12. Ne5 Bxe5 13. dxe5 Qxd3 14. Rxd3 Bd7 15. Rhd1 0-0-0 16. f4 Kc7 17. c4 f5 18. Bf3 Bc8 19. c5 Rxd3 20. Rxd3 Rd8 21. Rd6 Bd7 22. b4 g6 23. Be2 Ra8 24. a3 a5 25. Kb2 axb4 26. axb4 h6 27. Bc4 Re8 28. h4 Re7 29. Kc3 Kc8 30. Kd4 Kc7 31. Ke3 Kc8 32. Kf3 h5 33. g3 Kc7 34. Ke3 Kc8 35. Kd4 Kc7 36. Kc3 Kc8 37. Be2 Kc7 38. Bd3 Be8 39. Bc4 Bd7 40. Kb3 Kc8 41. Be2 Kc7 42. b5 Re8 43. Kb4 Ra8 44. Bc4 Re8 45. Rd1 Rd8 46. b6+ Kc8 47. Ra1 Kb8 48. Rd1 Kc8 49. Rd6 Re8 50. Ka5 Re7 51. Rd2 Re8 52. Rd1 Re7 53. Rd6 Re8 54. Kb4 Re7 55. Rd3 Re8 56. Rd2 Re7 57. Kc3 Re8 58. Be2 Rd8 59. Bf3 Be8 60. Rd6 Bd7 61. Be2 Re8 62. Rd2 Rd8 63. Rd6 Re8 64. Rd2 1/2-1/2

[Event "Oberliga Nord W 1819"]
[Site "Germany"]
[Date "2018.12.16"]
[Round "4.5"]
[White "Schuette, Marc"]
[Black "Herrmann, Andreas"]
[Result "1-0"]
[WhiteElo "2099"]
[BlackElo "2156"]
[PlyCount "75"]
[EventDate "2018.10.21"]
[EventType "team-tourn"]
[EventRounds "9"]
[EventCountry "GER"]
[SourceTitle "EXT 2020"]
[Source "ChessBase"]
[SourceDate "2019.10.17"]
[SourceVersion "1"]
[SourceVersionDate "2019.10.17"]
[SourceQuality "1"]
[WhiteTeam "Oldenburg Union"]
[BlackTeam "Hannover SF"]
[WhiteTeamCountry "GER"]
[BlackTeamCountry "GER"]

1. e4 c5 2. c3 e6 3. d4 a6 4. Nf3 Qc7 5. Bd3 Nc6 6. a3 b5 7. 0-0 Bb7 8. Re1 Nf6 9. Bg5 h6 10. Bh4 Qb6 11. dxc5 Bxc5 12. b4 Be7 13. Nbd2 d6 14. a4 0-0 15. Qe2 Rac8 16. axb5 axb5 17. Bxb5 Na7 18. Bd3 Rxc3 19. Nc4 Rxc4 20. Bxc4 g5 21. Nxg5 hxg5 22. Bxg5 Rc8 23. Be3 Qxb4 24. Rxa7 Rxc4 25. Rxb7 Qxb7 26. Qxc4 Nxe4 27. Qd3 d5 28. Rb1 Qa8 29. Bd4 Bd6 30. Qh3 e5 31. Rc1 Kg7 32. Be3 d4 33. Rc8 Qa1+ 34. Bc1 Nd2 35. Qg4+ Kf6 36. Qh4+ Ke6 37. Qg4+ Kd5 38. Qe2 1-0

[Event "Oberliga Nord W 1819"]
[Site "Germany"]
[Date "2018.11.25"]
[Round "3.5"]
[White "Hedke, Fred"]
[Black "Schuette, Marc"]
[Result "1/2-1/2"]
[WhiteElo "2274"]
[BlackElo "2099"]
[PlyCount "157"]
[EventDate "2018.10.21"]
[EventType "team-tourn"]
[EventRounds "9"]
[EventCountry "GER"]
[SourceTitle "EXT 2020"]
[Source "ChessBase"]
[SourceDate "2019.10.17"]
[SourceVersion "1"]
[SourceVersionDate "2019.10.17"]
[SourceQuality "1"]
[WhiteTeam "Delmenhorst"]
[BlackTeam "Oldenburg Union"]
[WhiteTeamCountry "GER"]
[BlackTeamCountry "GER"]

1. e4 d6 2. d4 Nf6 3. Nc3 e5 4. h3 c6 5. Nf3 Nbd7 6. a4 a5 7. Bc4 Be7 8. Qe2 0-0 9. 0-0 Qc7 10. Re1 h6 11. Ba2 exd4 12. Nxd4 Nc5 13. Bc4 Bd7 14. Bf4 Rfe8 15. Qf3 Ne6 16. Nxe6 Bxe6 17. Bxe6 fxe6 18. e5 Nd5 19. Nxd5 exd5 20. Qg3 Bf8 21. exd6 Qd7 22. Bxh6 Bxd6 23. Bf4 Bxf4 24. Qxf4 Rf8 25. Qg3 Rf7 26. Re5 Raf8 27. Rae1 Qd6 28. R1e2 Qb4 29. b3 Qd4 30. Re7 b5 31. Rxf7 Kxf7 32. Kh2 bxa4 33. bxa4 Qxa4 34. Qd6 Kg8 35. Qe6+ Kh7 36. Re3 Rf6 37. Qe8 Qf4+ 38. Rg3 Qxf2 39. Qd7 Rf7 40. Qxc6 Qf5 41. Qa4 Qf4 42. Qxa5 d4 43. Qh5+ Kg8 44. Qd5 Kh7 45. Qe6 Rf6 46. Qe2 Kg8 47. Qe1 Rf5 48. Qe6+ Rf7 49. Qb3 Kh8 50. Qe6 Kg8 51. Qe2 Rf5 52. Qe8+ Rf8 53. Qd7 Rf7 54. Qd5 Kh7 55. Qf3 Qxf3 56. Rxf3 Rc7 57. Rf2 Rc3 58. Rd2 Kg6 59. Kg1 Kf5 60. Kf1 g5 61. Ke1 Ke4 62. Kf2 Rc5 63. Re2+ Kf5 64. Ke1 Rc3 65. Kd2 Kf4 66. Rf2+ Ke4 67. Rf8 Rg3 68. Re8+ Kf4 69. Re2 Rc3 70. Ke1 Rg3 71. Kd1 Rc3 72. Kd2 Rg3 73. Rf2+ Ke4 74. Ke1 Rc3 75. Re2+ Kf4 76. Kf2 Rc5 77. g3+ Kf5 78. Rd2 Ke4 79. Re2+ 1/2-1/2

[Event "Oberliga Nord W 1819"]
[Site "Germany"]
[Date "2018.10.21"]
[Round "1.5"]
[White "Stotyn, Fabian"]
[Black "Schuette, Marc"]
[Result "1-0"]
[WhiteElo "2212"]
[BlackElo "2099"]
[PlyCount "139"]
[EventDate "2018.10.21"]
[EventType "team-tourn"]
[EventRounds "9"]
[EventCountry "GER"]
[SourceTitle "EXT 2020"]
[Source "ChessBase"]
[SourceDate "2019.10.17"]
[SourceVersion "1"]
[SourceVersionDate "2019.10.17"]
[SourceQuality "1"]
[WhiteTeam "Nordhorn Blanke"]
[BlackTeam "Oldenburg Union"]
[WhiteTeamCountry "GER"]
[BlackTeamCountry "GER"]

1. e4 e5 2. d4 exd4 3. Qxd4 Qf6 4. Qe3 Qb6 5. Nc3 Bb4 6. Nge2 Qxe3 7. Bxe3 Nf6 8. a3 Be7 9. f3 Nc6 10. Nd4 d6 11. Ndb5 Bd8 12. Nd5 Nxd5 13. exd5 Ne7 14. 0-0-0 a6 15. Nc3 Bf5 16. g4 Bd7 17. Bd3 Ng6 18. Bd4 0-0 19. Rhg1 Nh4 20. Rdf1 f5 21. g5 f4 22. Be4 Bh3 23. Rf2 Nf5 24. Ne2 Nxd4 25. Nxd4 g6 26. Rd2 Re8 27. Ne2 Rf8 28. Rd4 Be7 29. Bd3 Rae8 30. Nxf4 Bd7 31. Rg3 Bd8 32. Ne2 Rf7 33. Kd2 Re5 34. f4 Re8 35. Re3 Ref8 36. h3 Kg7 37. a4 a5 38. b3 Rh8 39. Rde4 Rhf8 40. c3 Bf5 41. Re8 Bd7 42. Rxf8 Rxf8 43. Bb5 c6 44. dxc6 bxc6 45. Bd3 Rf7 46. b4 Bb6 47. Rf3 Be6 48. f5 gxf5 49. Nf4 Bc8 50. h4 Ra7 51. b5 cxb5 52. Bxb5 Bb7 53. Rd3 d5 54. Bd7 d4 55. Nh5+ Kh8 56. Bxf5 Ba6 57. Rf3 dxc3+ 58. Rxc3 Bf2 59. Bc8 Kg8 60. Nf6+ Kf7 61. Bxa6 Rxa6 62. Rc7+ Kg6 63. h5+ Kf5 64. Nxh7 Kg4 65. g6 Bd4 66. Rc4 Kxh5 67. Rxd4 Kxg6 68. Nf8+ Kf7 69. Nd7 Ke7 70. Kd3 1-0

[Event "BL2-Nord 1718"]
[Site "Germany"]
[Date "2017.10.08"]
[Round "1.6"]
[White "Perez de Miguel, Alvaro"]
[Black "Schuette, Marc"]
[Result "1-0"]
[WhiteElo "2247"]
[BlackElo "2141"]
[PlyCount "89"]
[EventDate "2017.10.08"]
[EventType "team-tourn"]
[EventRounds "9"]
[EventCountry "GER"]
[SourceTitle "CBM 183 Extra"]
[Source "ChessBase"]
[SourceDate "2018.04.19"]
[SourceVersion "1"]
[SourceVersionDate "2018.04.19"]
[SourceQuality "1"]
[WhiteTeam "St Pauli"]
[BlackTeam "Oldenburg Union"]
[WhiteTeamCountry "GER"]
[BlackTeamCountry "GER"]

1. d4 d5 2. c4 c6 3. Nc3 Nf6 4. e3 e6 5. Nf3 Nbd7 6. Bd3 Be7 7. 0-0 0-0 8. e4 dxc4 9. Bxc4 b5 10. Bd3 a6 11. e5 Nd5 12. Qe2 Re8 13. h4 Nf8 14. Ne4 h6 15. h5 Ra7 16. Bd2 Rd7 17. Rfc1 Qb6 18. Nc5 Ra7 19. Rc2 a5 20. a3 Rd8 21. Qe1 Bd7 22. Qc1 Be8 23. Ne4 f5 24. exf6 Nxf6 25. Nxf6+ Bxf6 26. Be3 Qb8 27. d5 exd5 28. Bxa7 Qxa7 29. Qe3 d4 30. Qe2 Bxh5 31. Rxc6 Re8 32. Qd1 Kh8 33. Bxb5 Rb8 34. a4 Ng6 35. Rac1 Ne7 36. R6c5 Bg4 37. Qd3 Qa8 38. Ne5 Be6 39. Ng6+ Nxg6 40. Qxg6 Rd8 41. Bd3 Kg8 42. Rc7 Kf8 43. R1c6 Rb8 44. Bf5 Bd5 45. Rxf6+ 1-0

[Event "Oberliga Nord W 1617"]
[Site "Germany"]
[Date "2017.03.19"]
[Round "7.6"]
[White "Schuette, Marc"]
[Black "Karwatt, Lothar"]
[Result "1/2-1/2"]
[WhiteElo "2126"]
[BlackElo "2135"]
[PlyCount "31"]
[EventDate "2016.10.16"]
[EventType "team-tourn"]
[EventRounds "9"]
[EventCountry "GER"]
[SourceTitle "EXT 2018"]
[Source "ChessBase"]
[SourceDate "2017.10.13"]
[SourceVersion "1"]
[SourceVersionDate "2017.10.13"]
[SourceQuality "1"]
[WhiteTeam "Oldenburg Union"]
[BlackTeam "Goettingen Tempo"]
[WhiteTeamCountry "GER"]
[BlackTeamCountry "GER"]

1. e4 e6 2. d4 d5 3. Nd2 c5 4. exd5 exd5 5. Ngf3 Nc6 6. Bb5 Bd6 7. dxc5 Bxc5 8. Nb3 Bd6 9. Bg5 Nge7 10. Nfd4 Bd7 11. 0-0 0-0 12. Re1 Re8 13. a4 Qc7 14. Qh5 Nf5 15. Nxf5 Bxf5 16. Rxe8+ 1/2-1/2

[Event "Erfurt MT op 26th"]
[Site "Erfurt"]
[Date "2016.12.29"]
[Round "6"]
[White "Skibbe, Willi"]
[Black "Schuette, Marc"]
[Result "1-0"]
[WhiteElo "2279"]
[BlackElo "2108"]
[PlyCount "67"]
[EventDate "2016.12.26"]
[EventType "swiss"]
[EventRounds "8"]
[EventCountry "GER"]
[SourceTitle "CBM 176 Extra"]
[Source "ChessBase"]
[SourceDate "2017.03.02"]
[SourceVersion "1"]
[SourceVersionDate "2017.03.02"]
[SourceQuality "1"]

1. d4 d5 2. c4 c6 3. Nf3 Nf6 4. e3 e6 5. Nbd2 Be7 6. Bd3 b6 7. 0-0 Nbd7 8. e4 dxc4 9. Nxc4 Bb7 10. e5 Nd5 11. Bg5 0-0 12. Bxe7 Qxe7 13. Nd6 Rab8 14. h4 Nf4 15. Bc2 Ba6 16. Re1 h6 17. Qd2 Nd5 18. Rac1 f5 19. Bb3 Bb7 20. Bxd5 exd5 21. Nxb7 Rxb7 22. Rxc6 Nb8 23. Rg6 Kh7 24. Rd6 Rd7 25. Qf4 Rxd6 26. exd6 Qd8 27. Re7 Rf6 28. Qg3 Rg6 29. Qe5 Nc6 30. Qxf5 Qxd6 31. Re8 Qf6 32. Qxd5 Ne7 33. Qe4 Nf5 34. h5 1-0

[Event "Niedersachsen-ch"]
[Site "Verden"]
[Date "2016.01.05"]
[Round "6"]
[White "Polster, Christian"]
[Black "Schuette, Marc"]
[Result "1-0"]
[WhiteElo "2012"]
[BlackElo "2151"]
[PlyCount "105"]
[EventDate "2016.01.03"]
[EventType "swiss"]
[EventRounds "7"]
[EventCountry "GER"]
[SourceTitle "EXT 2018"]
[Source "ChessBase"]
[SourceDate "2017.10.13"]
[SourceVersion "1"]
[SourceVersionDate "2017.10.13"]
[SourceQuality "1"]

1. e4 e5 2. Nf3 Nc6 3. Bc4 Nf6 4. Ng5 d5 5. exd5 b5 6. Bf1 Nd4 7. c3 Nxd5 8. cxd4 Qxg5 9. Nc3 exd4 10. Bxb5+ Bd7 11. 0-0 c6 12. Nxd5 Qxd5 13. Re1+ Be6 14. Bd3 Bc5 15. Qc2 g6 16. Be4 Qd6 17. b4 Bxb4 18. Bxc6+ Ke7 19. Bxa8 Rxa8 20. Qe4 Rc8 21. Bb2 Bxd2 22. Red1 Qb4 23. Qxd4 Qxd4 24. Bxd4 Rc2 25. Rab1 Bxa2 26. Rb2 Rxb2 27. Bxb2 Bb4 28. Ra1 Be6 29. Rxa7+ Kd6 30. Ba3 Bxa3 31. Rxa3 h5 32. f3 Ke5 33. Ra4 Kf6 34. Kf2 Ke5 35. Ke3 Kf5 36. Ra5+ Kf6 37. Kf4 h4 38. Ra6 g5+ 39. Ke4 Ke7 40. f4 Bc4 41. Rb6 Bf1 42. fxg5 Bxg2+ 43. Ke5 Bf3 44. Rh6 Kf8 45. Kf6 Kg8 46. Rxh4 Bd5 47. Rb4 Ba2 48. h4 Bd5 49. h5 Kh8 50. Rb8+ Kh7 51. g6+ fxg6 52. hxg6+ Kh6 53. Rh8# 1-0

[Event "Oberliga Nord W 1516"]
[Site "Germany"]
[Date "2015.11.15"]
[Round "3.3"]
[White "Schuette, Marc"]
[Black "Buck, Lars"]
[Result "0-1"]
[WhiteElo "2202"]
[BlackElo "2154"]
[PlyCount "105"]
[EventDate "2015.09.20"]
[EventType "team-tourn"]
[EventRounds "9"]
[EventCountry "GER"]
[SourceTitle "CBM 170 Extra"]
[Source "ChessBase"]
[SourceDate "2016.02.25"]
[SourceVersion "1"]
[SourceVersionDate "2016.02.25"]
[SourceQuality "1"]
[WhiteTeam "Oldenburg Union"]
[BlackTeam "Stade"]
[WhiteTeamCountry "GER"]
[BlackTeamCountry "GER"]

1. e4 d6 2. d4 Nf6 3. Bd3 e5 4. c3 Nc6 5. f4 exd4 6. Nf3 dxc3 7. Nxc3 Be6 8. Ng5 Be7 9. 0-0 Qc8 10. h3 h6 11. Nf3 Bxh3 12. gxh3 Qxh3 13. Nh2 0-0-0 14. Qf3 Qxf3 15. Nxf3 g5 16. fxg5 hxg5 17. Kg2 g4 18. Ng5 Ne5 19. Be2 Rdg8 20. Rf5 Rg7 21. Be3 Nfd7 22. Rh1 Rxh1 23. Kxh1 c6 24. Kg2 Nf8 25. Kg3 f6 26. Rxe5 fxe5 27. Bxg4+ Kc7 28. Nh3 b6 29. Nf2 Bg5 30. Kf3 Bxe3 31. Kxe3 b5 32. Kf3 Ng6 33. a4 bxa4 34. Nxa4 Nf4 35. Bf5 d5 36. Ng4 Kd6 37. Nf2 d4 38. Bc8 Rg1 39. Ba6 Ra1 40. b3 Re1 41. Ng4 Rb1 42. Bc4 Ne6 43. Ke2 Rg1 44. Nh6 Ng5 45. Nf5+ Kc7 46. Nc5 Rg2+ 47. Kf1 Rc2 48. Ng3 Nf3 49. Ne6+ Kd6 50. Nf8 Nd2+ 51. Ke1 Nxc4 52. bxc4 Ke7 53. Ng6+ 0-1

[Event "BL2-Nord 1415"]
[Site "Germany"]
[Date "2014.11.09"]
[Round "3.5"]
[White "Schuette, Marc"]
[Black "Fuchs, Judith"]
[Result "1-0"]
[WhiteElo "2194"]
[BlackElo "2293"]
[PlyCount "105"]
[EventDate "2014.09.21"]
[EventType "team-tourn"]
[EventRounds "9"]
[EventCountry "GER"]
[SourceTitle "CBM 166 Extra"]
[Source "ChessBase"]
[SourceDate "2015.06.18"]
[SourceVersion "1"]
[SourceVersionDate "2015.06.18"]
[SourceQuality "1"]
[WhiteTeam "Oldenburg Union"]
[BlackTeam "Hamburger SK II"]
[WhiteTeamCountry "GER"]
[BlackTeamCountry "GER"]

1. e4 c6 2. Nc3 d5 3. Nf3 dxe4 4. Nxe4 Nf6 5. Nxf6+ exf6 6. d4 Bd6 7. Be2 0-0 8. Be3 Re8 9. Qd2 Nd7 10. a3 Nf8 11. 0-0-0 Be6 12. Kb1 b5 13. Ne1 a5 14. Bf3 Bd5 15. Bxd5 cxd5 16. Nd3 Nd7 17. Nc5 Qc7 18. Qd3 Qc6 19. Rhe1 Red8 20. Re2 b4 21. a4 Nxc5 22. dxc5 Bxc5 23. Bxc5 Qxc5 24. Red2 h6 25. Qf5 Qc7 26. Rxd5 Rxd5 27. Rxd5 Qb6 28. Ka2 g6 29. Rb5 Qc7 30. Qc5 Qxh2 31. Qd5 Rc8 32. Rb7 Rf8 33. Ra7 Qf4 34. Rxa5 Qxf2 35. Rc5 Kg7 36. Rc7 Qf4 37. Rb7 Qf2 38. Kb3 Qe2 39. Rxb4 Rc8 40. c3 h5 41. a5 g5 42. Rb7 Rf8 43. Rb6 Re8 44. Rb7 Rf8 45. Ka3 h4 46. c4 Qe1 47. Ka4 Qa1+ 48. Kb3 g4 49. Qd4 Re8 50. Qxg4+ Kf8 51. Qh5 Re3+ 52. Kc2 Qa4+ 53. Kd2 1-0

[Event "Oberliga Nord W 1314"]
[Site "Germany"]
[Date "2014.03.16"]
[Round "8.4"]
[White "Schuette, Marc"]
[Black "David, Adrian"]
[Result "1/2-1/2"]
[WhiteElo "2207"]
[BlackElo "2282"]
[PlyCount "46"]
[EventDate "2013.10.13"]
[EventType "team-tourn"]
[EventRounds "9"]
[EventCountry "GER"]
[SourceTitle "EXT 2015"]
[Source "ChessBase"]
[SourceDate "2014.11.20"]
[SourceVersion "1"]
[SourceVersionDate "2014.11.20"]
[SourceQuality "1"]
[WhiteTeam "Oldenburg Union"]
[BlackTeam "Hameln"]
[WhiteTeamCountry "GER"]
[BlackTeamCountry "GER"]

1. e4 c5 2. c3 d5 3. exd5 Qxd5 4. d4 e6 5. Nf3 Nf6 6. Na3 Qd8 7. Nc4 Be7 8. Bg5 0-0 9. dxc5 Bxc5 10. Bd3 Nbd7 11. Qc2 Qc7 12. b4 Be7 13. 0-0 h6 14. Bh4 Nd5 15. Bg3 Qd8 16. Rad1 Bf6 17. Bd6 Nxc3 18. Bh7+ Kh8 19. Rd2 Nd5 20. Be4 Re8 21. Bxd5 exd5 22. Rxd5 Nb6 23. Rd2 Nxc4 1/2-1/2

[Event "Oberliga Nord W 1314"]
[Site "Germany"]
[Date "2014.02.23"]
[Round "7.3"]
[White "Schuette, Marc"]
[Black "Meyer, Heinz Dieter"]
[Result "1-0"]
[WhiteElo "2207"]
[BlackElo "2256"]
[PlyCount "51"]
[EventDate "2013.10.13"]
[EventType "team-tourn"]
[EventRounds "9"]
[EventCountry "GER"]
[SourceTitle "EXT 2015"]
[Source "ChessBase"]
[SourceDate "2014.11.20"]
[SourceVersion "1"]
[SourceVersionDate "2014.11.20"]
[SourceQuality "1"]
[WhiteTeam "Oldenburg Union"]
[BlackTeam "Hannover SF"]
[WhiteTeamCountry "GER"]
[BlackTeamCountry "GER"]

1. e4 d6 2. d4 Nf6 3. Bd3 e5 4. c3 d5 5. dxe5 dxe4 6. Bb5+ c6 7. Qxd8+ Kxd8 8. Be2 Ng4 9. Bf4 Bc5 10. Nh3 e3 11. f3 Nh6 12. Ng5 Bf5 13. g4 Bg6 14. h4 Re8 15. h5 Bc2 16. Bc4 Re7 17. Rh2 Bxb1 18. Rxb1 Nd7 19. Rd1 Ke8 20. e6 fxe6 21. Nxe6 Bb6 22. Re2 Nf8 23. Nxg7+ Rxg7 24. Bxh6 Re7 25. Bg5 Re5 26. Bf6 1-0

[Event "Oberliga Nord W 1314"]
[Site "Germany"]
[Date "2014.01.19"]
[Round "5.4"]
[White "Kollen, Zyon"]
[Black "Schuette, Marc"]
[Result "1-0"]
[WhiteElo "2209"]
[BlackElo "2207"]
[PlyCount "103"]
[EventDate "2013.10.13"]
[EventType "team-tourn"]
[EventRounds "9"]
[EventCountry "GER"]
[SourceTitle "EXT 2015"]
[Source "ChessBase"]
[SourceDate "2014.11.20"]
[SourceVersion "1"]
[SourceVersionDate "2014.11.20"]
[SourceQuality "1"]
[WhiteTeam "Nordhorn Blanke"]
[BlackTeam "Oldenburg Union"]
[WhiteTeamCountry "GER"]
[BlackTeamCountry "GER"]

1. e4 e5 2. Nf3 d6 3. d4 exd4 4. Nxd4 Nf6 5. Nc3 Be7 6. g3 Bg4 7. Qd3 Nbd7 8. Bg2 Nc5 9. Qe3 0-0 10. 0-0 Qd7 11. f3 Bh3 12. Bxh3 Qxh3 13. Nf5 Rfe8 14. Nd1 Qh5 15. b4 Ncd7 16. g4 Qg6 17. Nh4 Qh6 18. Qxh6 gxh6 19. Nf5 Bf8 20. Nxh6+ Bxh6 21. Bxh6 d5 22. Nc3 dxe4 23. g5 Nh5 24. Nxe4 f5 25. gxf6 Kf7 26. Rad1 Rad8 27. Kf2 Nf8 28. Ng5+ Kg6 29. f7 Kxh6 30. fxe8Q Rxe8 31. Rg1 Re7 32. Rd8 Ng6 33. Ne4 Nhf4 34. Rgd1 Ne5 35. Rf8 Nfg6 36. Rf5 Nh4 37. Rf6+ Kh5 38. Rd5 c6 39. Rdd6 Nexf3 40. Rh6+ Kg4 41. Nf6+ Kf4 42. Rxh7 Re5 43. Nh5+ Kg5 44. Ng3 Kg4 45. Rd3 a5 46. h3+ Kf4 47. Rxh4+ Nxh4 48. Rd4+ Kg5 49. Rg4+ Kf6 50. Rxh4 axb4 51. Rxb4 Ra5 52. a4 1-0

[Event "Oberliga Nord W 1314"]
[Site "Germany"]
[Date "2013.11.10"]
[Round "2.2"]
[White "Jordan, Juergen"]
[Black "Schuette, Marc"]
[Result "0-1"]
[WhiteElo "2182"]
[BlackElo "2207"]
[PlyCount "62"]
[EventDate "2013.10.13"]
[EventType "team-tourn"]
[EventRounds "9"]
[EventCountry "GER"]
[SourceTitle "EXT 2015"]
[Source "ChessBase"]
[SourceDate "2014.11.20"]
[SourceVersion "1"]
[SourceVersionDate "2014.11.20"]
[SourceQuality "1"]
[WhiteTeam "Lueneburg Turm"]
[BlackTeam "Oldenburg Union"]
[WhiteTeamCountry "GER"]
[BlackTeamCountry "GER"]

1. d4 d5 2. Nf3 c6 3. c4 Nf6 4. cxd5 cxd5 5. Nc3 Nc6 6. Bf4 Bf5 7. e3 e6 8. Bb5 Nd7 9. Qa4 Qb6 10. 0-0 Be7 11. Ne5 Ndxe5 12. Bxe5 0-0 13. Bxc6 bxc6 14. b3 Bd3 15. Rfc1 Rfc8 16. b4 Bxb4 17. Rab1 Bxb1 18. Rxb1 Bxc3 19. Rxb6 axb6 20. Qb3 Ba5 21. e4 f6 22. Bf4 c5 23. exd5 c4 24. Qb5 exd5 25. Qxd5+ Kh8 26. h4 Bb4 27. h5 h6 28. Qb5 Bf8 29. Qxb6 c3 30. Kh2 c2 31. Qb7 Bd6 0-1

[Event "Arber op 2nd"]
[Site "Bayerisch Eisenstein"]
[Date "2013.07.03"]
[Round "5"]
[White "Schuette, Marc"]
[Black "Rausis, Igors"]
[Result "0-1"]
[WhiteElo "2207"]
[BlackElo "2532"]
[PlyCount "120"]
[EventDate "2013.06.29"]
[EventType "swiss"]
[EventRounds "9"]
[EventCountry "GER"]
[SourceTitle "CBM 155 Extra"]
[Source "ChessBase"]
[SourceDate "2013.08.26"]
[SourceVersion "1"]
[SourceVersionDate "2013.08.26"]
[SourceQuality "1"]

1. e4 d6 2. d4 Nf6 3. Bd3 e5 4. dxe5 dxe5 5. Nf3 Nbd7 6. Nbd2 c6 7. 0-0 Qc7 8. Re1 Bc5 9. c3 a5 10. a4 0-0 11. Nc4 Ng4 12. Ne3 Nxe3 13. Bxe3 Bxe3 14. Rxe3 Nc5 15. Bc4 Rd8 16. Qe2 Be6 17. Ng5 Bxc4 18. Qxc4 b6 19. Nf3 Rd7 20. g3 Rad8 21. b4 axb4 22. cxb4 Nxa4 23. b5 cxb5 24. Qxb5 Nc5 25. Kg2 f6 26. Rb1 Rd6 27. Qc4+ Qf7 28. Qb5 Qd7 29. Qc4+ Qe6 30. Qb5 g6 31. h4 h5 32. Rb2 Kg7 33. Rb1 Qd7 34. Qc4 Qc6 35. Rb4 Nd3 36. Qxc6 Rxc6 37. Rb3 Nc5 38. Rb2 Rcd6 39. Ng1 Nd3 40. Rb3 Nc5 41. Rb2 Rb8 42. Rb5 Ne6 43. Ne2 Nc7 44. Rb1 b5 45. Reb3 Rbb6 46. Kf1 f5 47. f4 fxe4 48. fxe5 Rd5 49. Nc3 Rxe5 50. Ke2 e3 51. Rd1 Rc6 52. Rd3 Rc4 53. Kf3 b4 54. Rd7+ Kf6 55. Ne2 Nd5 56. Nf4 Nxf4 57. gxf4 Ree4 58. Rd6+ Kg7 59. f5 gxf5 60. Rxe3 Rxe3+ 0-1